The Law of Torts/ (Record no. 188492)

MARC details
000 -LEADER
fixed length control field 00593nam a22001937a 4500
005 - DATE AND TIME OF LATEST TRANSACTION
control field 20220525112338.0
010 ## - LCCN (DPL NO)
LC control number ENG-132816
020 ## - INTERNATIONAL STANDARD BOOK NUMBER
International Standard Book Number 9789386515667
Terms of availability 2239.00
035 ## - SYSTEM CONTROL NUMBER
System control number EN-116348
037 ## - SOURCE OF ACQUISITION
Source of stock number/acquisition DBAD/PUB
082 ## - DEWEY DECIMAL CLASSIFICATION NUMBER
Classification number 347
100 ## - MAIN ENTRY--PERSONAL NAME
Personal name Spare, Akshay
245 ## - TITLE STATEMENT
Title The Law of Torts/
Statement of responsibility, etc Akshay Sapre
250 ## - EDITION STATEMENT
Edition statement 28th Edition
260 ## - PUBLICATION, DISTRIBUTION, ETC. (IMPRINT)
Place of publication, distribution, etc Haryana
Name of publisher, distributor, etc LexisNexis
Date of publication, distribution, etc 2018
270 ## - ADDRESS
Address 14th Floor, Building No. 10, Tower-B, DLF Cyber City, Phase-II
City Gurgaon
Postal code 122002
Electronic mail address help.in@lexisnexis.com
300 ## - PHYSICAL DESCRIPTION
Extent xcxvi, 885p
Other physical details Index
Dimensions 25cm(hbk)
942 ## - ADDED ENTRY ELEMENTS (KOHA)
Source of classification or shelving scheme Dewey Decimal Classification
Item type English Books
Classification part 347
Call number suffix SAP
Holdings
Withdrawn status Lost status Not for loan Collection code Home library Current library Date acquired Source of acquisition Cost, normal purchase price Full call number Barcode Copy number Cost, replacement price Koha item type
    Not For Loan Non-fiction D.B.Act.Division Central Library 25/05/2022 DBAD/PUB 2239.00 347 SAP EN-116348 1 2239.00 English Books

© Delhi Public Library
Hit Counter
free hit counter